Sarvajanika bhashana kale. (Record no. 104740)
[ view plain ]
| 000 -LEADER | |
|---|---|
| fixed length control field | 00661nam a2200229Ia 4500 |
| 003 - CONTROL NUMBER IDENTIFIER | |
| control field | OSt |
| 005 - DATE AND TIME OF LATEST TRANSACTION | |
| control field | 20250218150548.0 |
| 008 - FIXED-LENGTH DATA ELEMENTS--GENERAL INFORMATION | |
| fixed length control field | 210210b2000 xxu||||| |||| 00| 0 eng d |
| 040 ## - CATALOGING SOURCE | |
| Transcribing agency | AL |
| 041 ## - LANGUAGE CODE | |
| Language code of text/sound track or separate title | Kannada |
| 082 ## - DEWEY DECIMAL CLASSIFICATION NUMBER | |
| Classification number | K894.85 HEGS |
| 100 ## - MAIN ENTRY--PERSONAL NAME | |
| Personal name | HEGDE (B M). |
| Dates associated with a name | ಹೆಗಡೆ (ಬಿ ಎಂ) |
| 9 (RLIN) | 200858 |
| 245 ## - TITLE STATEMENT | |
| Title | Sarvajanika bhashana kale. |
| Remainder of title | ಸಾರ್ವಜನಿಕ ಭಾಷಣ ಕಲೆ |
| 260 ## - PUBLICATION, DISTRIBUTION, ETC. | |
| Place of publication, distribution, etc. | Udupi |
| Name of publisher, distributor, etc. | Nava Prakashana |
| Date of publication, distribution, etc. | 2000 |
| 300 ## - PHYSICAL DESCRIPTION | |
| Extent | 50 |
| 650 ## - SUBJECT ADDED ENTRY--TOPICAL TERM | |
| Topical term or geographic name entry element | bhashana kale |
| 9 (RLIN) | 200859 |
| 650 ## - SUBJECT ADDED ENTRY--TOPICAL TERM | |
| Topical term or geographic name entry element | public speaking |
| 9 (RLIN) | 200861 |
| 650 ## - SUBJECT ADDED ENTRY--TOPICAL TERM | |
| Topical term or geographic name entry element | speech |
| 9 (RLIN) | 200862 |
| 690 ## - LOCAL SUBJECT ADDED ENTRY--TOPICAL TERM (OCLC, RLIN) | |
| Topical term or geographic name as entry element | Kannada Miscellaneous |
| 9 (RLIN) | 200860 |
| 906 ## - LOCAL DATA ELEMENT F, LDF (RLIN) | |
| a | 057403 |
| 942 ## - ADDED ENTRY ELEMENTS (KOHA) | |
| Source of classification or shelving scheme | Dewey Decimal Classification |
| Koha item type | Book |
| Withdrawn status | Lost status | Damaged status | Not for loan | Collection code | Home library | Current library | Shelving location | Date acquired | Cost, normal purchase price | Total Checkouts | Full call number | Barcode | Date last seen | Price effective from | Koha item type |
|---|---|---|---|---|---|---|---|---|---|---|---|---|---|---|---|
| St Aloysius Library | St Aloysius Library | 02/17/2021 | 30.00 | K894.85 HEGS | 057403 | 02/17/2021 | 02/17/2021 | Book |